Central Library OPAC University of Rajshahi

Judith Paris : (Record no. 83053)

MARC details
000 -LEADER
fixed length control field 00700nam a2200229 a 4500
001 - CONTROL NUMBER
control field 83053
003 - CONTROL NUMBER IDENTIFIER
rucl marc code BD-RjUL
005 - DATE AND TIME OF LATEST TRANSACTION
control field 20240212112242.0
008 - FIXED-LENGTH DATA ELEMENTS--GENERAL INFORMATION
fixed length control field 24012 s19671931enk 000 1 eng
035 ## - SYSTEM CONTROL NUMBER
System control number (BD-RjUL)83053
040 ## - CATALOGING SOURCE
Original cataloging agency DLC
Language of cataloging eng
Transcribing agency VtU
Modifying agency DLC
-- BD-RjUL
041 ## - LANGUAGE CODE
Language code of text/sound track or separate title eng
082 ## - DEWEY DECIMAL CLASSIFICATION NUMBER
Edition number 23
Classification number 823.9
Author mark and year WAJ 1967
100 1# - MAIN ENTRY--PERSONAL NAME
Personal name Walpole, Hugh,
Dates associated with a name 1884-1941.
9 (RLIN) 11659
245 10 - TITLE STATEMENT
Title Judith Paris :
Remainder of title a novel /
Statement of responsibility, etc. by Hugh Walpole.
260 ## - PUBLICATION, DISTRIBUTION, ETC. (IMPRINT)
Place of publication, distribution, etc. London :
Name of publisher, distributor, etc. Macmillan and co. Itd,
Date of publication, distribution, etc. 1931, [reprinted 1967]
300 ## - PHYSICAL DESCRIPTION
Pagination xiv, 757 p.;
Size 21 cm.
500 ## - GENERAL NOTE
General note Maps on lining-papers.
General note Jean Hersholt Collection of Hugh Walpole (Library of Congress)
650 ## - SUBJECT ADDED ENTRY--TOPICAL TERM
Topical term or geographic name as entry element English Fiction
942 ## - ADDED ENTRY ELEMENTS (KOHA)
Source of classification or shelving scheme Dewey Decimal Classification
Koha item type Books
Holdings
Lost status Source of classification or shelving scheme Damaged status Not for loan Collection code Permanent Location Current Location Shelving location Date acquired Source of acquisition Cost, normal purchase price Total Checkouts Full call number Date last seen Copy number Koha item type
  Dewey Decimal Classification   Not For Loan Fiction Central Library, University of Rajshahi Central Library, University of Rajshahi Reading Room 25/10/1968 Zeitlinger 30.00   823.9 WAJ 1967 12/02/2024 C-1 Books